书目信息 |
| 题名: |
软件工程
|
|
| 作者: | 孙家广 主编 | |
| 分册: | ||
| 出版信息: | 北京 高等教育出版社 2005.07 |
|
| 页数: | 275页 | |
| 开本: | 24cm | |
| 丛书名: | ||
| 单 册: | ||
| 中图分类: | TP311.5 | |
| 科图分类: | ||
| 主题词: | 软件 | |
| 电子资源: | ||
| ISBN: | 978-7-04-016308-7 | |
| 000 | 00646nam0 2200205 450 | |
| 001 | 1835566442 | |
| 005 | 20201027092314.19 | |
| 010 | @a978-7-04-016308-7@dCNY29.00 | |
| 100 | @a20091116d2005 km y0chiy0120 ea | |
| 101 | 0 | @achi |
| 102 | @aCN@b110000 | |
| 200 | 1 | @a软件工程@Aruan jian gong cheng@e理论 方法与实践@f孙家广主编@Fsun jia guang zhu bian |
| 210 | @a北京@c高等教育出版社@d2005.07 | |
| 215 | @a275页@d24cm | |
| 517 | 1 | @a理论 方法与实践@Ali lun fang fa yu shi jian |
| 606 | 0 | @a软件 |
| 690 | @aTP311.5@v4 | |
| 701 | 0 | @a孙家广@Asun jia guang@4主编 |
| 801 | 0 | @aCN@b大连网信软件有限公司图书馆·11@c20121018 |
| 905 | @aZUCC@dTP311.5@eS922 | |
| 软件工程:理论 方法与实践/孙家广主编.-北京:高等教育出版社,2005.07 |
| 275页;24cm |
| ISBN 978-7-04-016308-7:CNY29.00 |
| ● |
| 相关链接 |
|
|
|
正题名:软件工程
索取号:TP311.5/S922
 
预约/预借
| 序号 | 登录号 | 条形码 | 馆藏地/架位号 | 状态 | 备注 |
| 1 | 1301192 | 213011925 | 自科库301/301自科库 79排1列2层/ [索取号:TP311.5/S922] | 在馆 | |
| 2 | 1498653 | 214986531 | 自科库301/ [索取号:TP311.5/S922] | 在馆 | |
| 3 | 1499202 | 214992025 | 自科库301/404自科库 24排4列1层/ [索取号:TP311.5/S922] | 在馆 | |
| 4 | 1499203 | 214992034 | 自科库301/404自科库 24排4列1层/ [索取号:TP311.5/S922] | 在馆 | |
| 5 | 1499204 | 214992043 | 自科库301/404自科库 24排4列1层/ [索取号:TP311.5/S922] | 在馆 | |
| 6 | 1499205 | 214992052 | 自科库301/ [索取号:TP311.5/S922] | 在馆 | |
| 7 | 1499206 | 214992061 | 自科库301/404自科库 24排4列1层/ [索取号:TP311.5/S922] | 在馆 | |
| 8 | 1499207 | 214992070 | 自科库301/404自科库 24排4列1层/ [索取号:TP311.5/S922] | 在馆 | |
| 9 | 1499208 | 214992089 | 自科库301/404自科库 24排4列1层/ [索取号:TP311.5/S922] | 在馆 | |
| 10 | 1499209 | 214992098 | 自科库301/404自科库 24排4列1层/ [索取号:TP311.5/S922] | 在馆 |